000 04212nam a22002777a 4500
003 URS
005 20251119093010.0
008 251117b |||||||| |||| 00| 0 eng d
050 0 0 _aLG 221. R59
_b.F91 2015
100 1 0 _aFrias, KC Joy B.
_eResearcher
245 0 1 _aEffectiveness of film viewing as a tool for understanding literature among grade 9 students/
_cKC Joy B. Frias, Ladylyn A. Mabutol [and] Margarette S. Salen
260 1 _c2015
300 _a xiii, 43 leaves;
_billustrations,
_c28cm,
336 _2rdacontent
_atext
337 _2rdamedia
_aunmediated
338 _2rdacarrier
_avolume
502 _aUndergraduate Thesis
_bBachelor of Secondary Education major in English
_cUniversity of Rizal System, Rodriguez, Rizal
_d2015
520 _aThis research aimed to determine the Effectiveness of Film Viewing as a Tool for Understanding Literature among Grade 9 Students of General Liceri Geronimo Memorial National High School SY 2014-2015. The respondents of this study were the grade 9 students of General Licerio Geronimo Memorial National High School, school Year 2014-2015 Section Ipil-ipil was chosen which consist for a population of 20 Girls and 30 Boys with a total of 50 students as the respondents. The Researchers used Experimental method with a Pre-test Post-test Single Group Design. Pre-test Post-test designs are an expansion of the posttest design with nonequivalent groups, one of the simplest methods of testing the effectiveness of an intervention After conducting the study, the following findings were obtained. On the profile of the respondents in terms of Sex. The researchers found out the that majority of the respondents are male with a frequency of 30 or 60 percent and a frequency of 20 or 40 percent are female, while in the profile of the respondents in terms of age are, The oldest among the is 20 years of age with a frequency of 1 or 2 percent and the youngest among them all is 14 years of age with a frequency of 18 or 36 percent On mean scores of the pre-test and post-test, The researchers found out that the respondents got a weighted mean of 08.58 percent in their pre-test and a percentage of 19.66 percent in their post-test of the movie UP; They obtained a weighted mean of 09.18 percent in their pre-test and a percentage of 19.16 percent in their post-test of the movie Beowulf, and They garnered a weighted mean of 09 percent in their pre-test and 23.42 percent in their post-test of the movie Count of Monte Cristo. On the significant difference between the pre-test and the post-test mean score. The computed T-value is 9.45 while the P-value is 0.000 which is less than 0.5 level of significance thus, the null hypothesis was rejected, therefore, there is significance difference between the pre-test mean score and post mean score of the respondents. Based on the findings of the study, the following conclusions were obtained: The mean scores in Pre-test and Post-test shows that all of the scores after the post-test improved; and There is significant difference between pre-test and post-test. Therefore Film viewing is an effective tool for understanding literature. Based on the findings of the study, the following recommendations were offered: to The School Administrations should conduct more activities regarding about teaching literature using different effective strategies; to The Teachers of English should provide more activities and often use films as a tool in teaching literature to catch the attention and interest of the learners, The Students should appreciate the importance of learning literature that they can apply in real life situations; to The Researchers are encouraging the researchers to conduct related studies as future teachers for future use. And to the Instructors incorporate film into the course materials of all subjects simply because it does make a great difference, especially when it's properly used.
600 _2effe
650 _2effectiveness of film viewing as a tool for understanding literature
690 _aUN SDG 4
700 _aMabutolm, Ladylyn A.
_eResearcher
700 _aSalen, Margarette S.
_eResearcher
700 _aMendoza, Emil P.
_eAdviser
942 _2lcc
_cT
999 _c88692
_d88689